000 00755nam a2200289Ia 4500
001 45228
005 20240114003704.0
007 ta
008 090310s1975 g b000 u asm u
020 _c5.50 (Hard)
040 _aCotton College,Assam
041 _aasm
082 _a349.54
_bP 17 B
100 _aPal, Kripesh Chandra .
245 0 _aBharotiya Sanbidhan /
_cKripesh Chandra Pal, Phanidhar Kalita.
_hTextual Documents
250 _a1st ed /
260 _aGuwahati :
_bPathya Puthi Samanya Samity ,
_c1975.
300 _a176p ;
_c23 cm.
365 _a5.50
653 _aLaw
653 _aT/G-Law
700 _aKalita, Phanidhar .
942 _2ddc
_cBK
999 _c45193
_d45193